| 000 | 00813nam a2200241 a 4500 | ||
|---|---|---|---|
| 001 | 65048 | ||
| 003 | BD-RjUL | ||
| 005 | 20211209081400.0 | ||
| 008 | 161106s1956 ii ||||| |||| 00| p ben d | ||
| 020 | _c: Tk. 2.500 | ||
| 035 | _a(BD-RjUL)65178 | ||
| 040 |
_aBD-RjUL _bben _cBD-RjUL |
||
| 041 | _aben | ||
| 082 |
_223 _a891.441 _bBAS 1956 |
||
| 100 | 1 |
_aবসু, বুদ্ধদেব _9162273 |
|
| 245 | 1 | 0 |
_aশীতের প্রার্থনা : _bবসন্তের উত্তর / _cবুদ্ধদেব বসু |
| 250 | _a২য় সং. | ||
| 260 |
_aকলকাতা : _bনাভানা, _c১৯৫৬ |
||
| 300 |
_a১১৩ পৃ. ; _c২৩ সেমি. |
||
| 650 |
_aবাংলা কবিতা _9162274 |
||
| 650 |
_aBengali Poetry _9162275 |
||
| 942 |
_2ddc _cBK |
||
| 999 |
_c65048 _d65048 |
||